00358nam a2200133 a 45000010010000000030011000100080041000210350026000620820014000881000021001022450028001232600056001516500017002070000-9355ELIB.Books110520 1983  a(ELIB.Books)0000-9507 a232 bMey aMeyer, Marvin W. aWho do people say i am? bGrand Rapids: Wm. B. Eerdmans Publishing Co. c1983 aJesus Christ